History of watershed research in the central Arizona highlands /

Bibliographic Details
Other Authors: Baker, Malchus B. (Compiler)
Format: Government Document eBook
Language:English
Published: Fort Collins, CO : United States Department of Agriculture, Forest Service, Rocky Mountain Research Station, April 1999.
Series:General technical report RMRS ; GTR-29.
General technical report RMRS ; 29.
Subjects:
Online Access:https://purl.fdlp.gov/GPO/gpo72025

MARC

Tag First Indicator Second Indicator Subfields
LEADER 00000cam a2200000 i 4500
001 in00003735421
005 20211120180708.0
006 m o d f
007 cr mn|||||||||
008 030528e199904 coua obt f000 0 eng c
035 |a (OCoLC)ocm52329849 
040 |a GIS  |b eng  |e rda  |e pn  |c GIS  |d OCLCQ  |d ESR  |d OCLCQ  |d OCLCO  |d OCLCQ  |d GPO  |d MvI  |d UtOrBLW 
042 |a pcc 
043 |a n-us-az 
049 |a WWW 
074 |a 0083-B-06 (online) 
086 0 |a A 13.88:RMRS-GTR-29 
100 1 |a Baker, Malchus B.,  |e compiler.  |0 http://id.loc.gov/authorities/names/n80030113 
245 1 0 |a History of watershed research in the central Arizona highlands /  |c Malchus B. Baker, Jr., compiler. 
264 1 |a Fort Collins, CO :  |b United States Department of Agriculture, Forest Service, Rocky Mountain Research Station,  |c April 1999. 
336 |a text  |b txt  |2 rdacontent 
337 |a computer  |b c  |2 rdamedia 
338 |a online resource  |b cr  |2 rdacarrier 
490 1 |a Research paper RMRS-GTR ;  |v 29 
490 1 |a [General technical report RMRS-GTR] ;  |v 29 
500 |a Title from title screen (viewed May 28, 2003). 
500 |a Incorrect series statement. Series statement should read: General technical report RMRS-GTR. 
500 |a "April 1999." 
504 |a Includes bibliographical references (pages 51-56). 
650 0 |a Mountain watersheds  |x Research  |z Arizona. 
650 0 |a Watershed management  |x Research  |z Arizona. 
710 2 |a Rocky Mountain Research Station (Fort Collins, Colo.),  |e issuing body.  |0 http://id.loc.gov/authorities/names/no97054127 
776 0 8 |i Print version:  |t History of watershed research in the central Arizona highlands  |w (DLC) 99209729  |w (OCoLC)41833270 
776 0 8 |i Microfiche version:  |t History of watershed research in the central Arizona highlands  |w (OCoLC)42011480 
830 0 |a General technical report RMRS ;  |v GTR-29.  |0 http://id.loc.gov/authorities/names/nr98017182 
856 4 0 |u https://purl.fdlp.gov/GPO/gpo72025  |t 0 
830 0 |a General technical report RMRS ;  |v 29.  |0 http://id.loc.gov/authorities/names/nr98017182 
999 f f |s 6de1238b-8eb7-308d-9f40-6da50b0a5c55  |i abbbff99-611a-3512-ae94-e91e7e002e32  |t 0 
952 f f |a Texas A&M University  |b College Station  |c Electronic Resources  |d Available Online  |t 0  |e A 13.88:RMRS-GTR-29  |h Superintendent of Documents classification 
998 f f |a A 13.88:RMRS-GTR-29  |t 0  |l Available Online